| 000 | 00538nam a2200169 i 4500 | ||
|---|---|---|---|
| 001 | 39643 | ||
| 003 | ES-MaACL | ||
| 005 | 20230906160043.0 | ||
| 007 | t| | ||
| 008 | 030303s1969 sp ||||1| spa d | ||
| 100 | 1 |
_aCanals Cabiró, Isidro. _934414 |
|
| 245 | 1 | 0 |
_aGuía de fuentes estadísticas de España _b: edición 1970 / _cIsidro Canals Cabiró. |
| 260 |
_a[Madrid] : _bMoneda y Crédito, _c[1969] |
||
| 300 |
_a3 v. ; _c27 cm. |
||
| 710 | 2 |
_aBanco Urquijo. _bServicio de Estudios. _92139 |
|
| 852 |
_aES-MaACL _jC-37509-11 _bR.71750 |
||
| 999 |
_c39643 _d39643 |
||